[Event "Biel HTO 53rd"]
[Site "Biel"]
[Date "2020.07.28"]
[Round "8"]
[White "Adrian, Claude"]
[Black "Steibel, Julien"]
[Result "1/2-1/2"]
[WhiteElo "2246"]
[BlackElo "1989"]
[PlyCount "84"]
[EventDate "2020.07.20"]
[EventType "swiss"]
[EventRounds "9"]
[EventCountry "SUI"]
[SourceTitle "CBM 197"]
[Source "ChessBase"]
[SourceDate "2020.07.27"]
[SourceVersion "1"]
[SourceVersionDate "2020.07.27"]
[SourceQuality "1"]

1. Nf3 c5 2. c4 Nc6 3. Nc3 e5 4. e3 f5 5. d4 e4 6. Ng1 Nf6 7. Nh3 d6 8. Nf4 g6 9. h4 Bh6 10. dxc5 dxc5 11. Qxd8+ Kxd8 12. Bd2 Bxf4 13. exf4 Nd4 14. 0-0-0 Ke7 15. Be3 Rd8 16. Nb5 Nxb5 17. Rxd8 Kxd8 18. cxb5 b6 19. Bc4 Ke7 20. Rd1 Be6 21. Bxe6 Kxe6 22. Kc2 h5 23. Kb3 Nd5 24. a4 Rd8 25. a5 Rd7 26. axb6 axb6 27. Ra1 Nxe3 28. fxe3 Rd3+ 29. Kc4 Rxe3 30. Ra6 Re2 31. Rxb6+ Kd7 32. Rxg6 Rxb2 33. Rf6 Rxg2 34. Rxf5 Rf2 35. Rd5+ Ke6 36. Re5+ Kd6 37. Rxe4 Rc2+ 38. Kb3 Rc1 39. Re5 Rb1+ 40. Kc3 Rxb5 41. Rxh5 Rb4 42. Rf5 Ke6 1/2-1/2

[Event "Biel HTO 53rd"]
[Site "Biel"]
[Date "2020.07.27"]
[Round "7"]
[White "Steibel, Julien"]
[Black "Rempe, Jonas"]
[Result "1-0"]
[WhiteElo "1989"]
[BlackElo "1801"]
[PlyCount "61"]
[EventDate "2020.07.20"]
[EventType "swiss"]
[EventRounds "9"]
[EventCountry "SUI"]
[SourceTitle "CBM 197"]
[Source "ChessBase"]
[SourceDate "2020.07.27"]
[SourceVersion "1"]
[SourceVersionDate "2020.07.27"]
[SourceQuality "1"]

1. e4 e5 2. Nf3 Nc6 3. Nc3 Nf6 4. d4 exd4 5. Nxd4 Bb4 6. Nxc6 bxc6 7. Bd3 d5 8. exd5 0-0 9. 0-0 cxd5 10. h3 h6 11. Qf3 c6 12. Bf4 Bd6 13. b3 Bxf4 14. Qxf4 Qa5 15. Ne2 Ba6 16. Nd4 Bxd3 17. cxd3 Qb4 18. a3 Qb6 19. Nf5 Qb8 20. Ne7+ Kh8 21. Qxb8 Raxb8 22. b4 Rb7 23. Nxc6 Rc8 24. b5 Kh7 25. a4 Nd7 26. Rfc1 Nb6 27. Rc5 a6 28. d4 Rbc7 29. Nb4 Rxc5 30. dxc5 Nxa4 31. Nxa6 1-0

[Event "Biel HTO 53rd"]
[Site "Biel"]
[Date "2020.07.21"]
[Round "2"]
[White "Baenziger, Fabian"]
[Black "Steibel, Julien"]
[Result "1-0"]
[WhiteElo "2403"]
[BlackElo "1989"]
[PlyCount "71"]
[EventDate "2020.07.20"]
[EventType "swiss"]
[EventRounds "9"]
[EventCountry "SUI"]
[SourceTitle "CBM 197"]
[Source "ChessBase"]
[SourceDate "2020.07.27"]
[SourceVersion "1"]
[SourceVersionDate "2020.07.27"]
[SourceQuality "1"]

1. d4 Nf6 2. c4 g6 3. Nf3 Bg7 4. g3 d5 5. Bg2 c6 6. 0-0 0-0 7. Qa4 Ne4 8. Rd1 dxc4 9. Qxc4 Nd6 10. Qc2 Bf5 11. Qb3 Qb6 12. Qxb6 axb6 13. Bg5 Re8 14. Nc3 Nd7 15. Nh4 Be6 16. Bf4 Nc4 17. b3 Nd6 18. Rac1 Ra5 19. d5 cxd5 20. b4 d4 21. bxa5 dxc3 22. Bxd6 exd6 23. Bxb7 Nc5 24. Bc6 Rc8 25. Bd5 bxa5 26. Bxe6 Nxe6 27. Nf3 a4 28. Rxd6 Nc5 29. Rc2 Rb8 30. Kg2 h6 31. Ne1 Rb2 32. Rc6 Nb3 33. axb3 Rxc2 34. Nxc2 axb3 35. Na3 b2 36. Kf3 1-0

[Event "Metz op 37th"]
[Site "Metz"]
[Date "2019.04.09"]
[Round "2"]
[White "Sadeghi, Hassan Roger"]
[Black "Steibel, Julien"]
[Result "1/2-1/2"]
[WhiteElo "2112"]
[BlackElo "2064"]
[PlyCount "37"]
[EventDate "2019.04.08"]
[EventType "swiss"]
[EventRounds "9"]
[EventCountry "FRA"]
[SourceTitle "CBM 189 Extra"]
[Source "ChessBase"]
[SourceDate "2019.06.03"]
[SourceVersion "1"]
[SourceVersionDate "2019.06.03"]
[SourceQuality "1"]

1. Nc3 d5 2. d4 Nf6 3. Bg5 Nbd7 4. Nf3 g6 5. e3 Bg7 6. Bd3 c6 7. 0-0 0-0 8. Re1 Re8 9. e4 dxe4 10. Nxe4 Nxe4 11. Bxe4 Nf6 12. Bd3 Bg4 13. c3 Qd5 14. Bxf6 Bxf6 15. Be4 Qb5 16. Qb3 Qxb3 17. axb3 Bxf3 18. Bxf3 e5 19. dxe5 1/2-1/2